00394 2200145 4500001002100000005001500021008004100036020001800077035001900095082000800114090001400122100001800136245007500154260001900229INLIS00000000000439720220725121425220725||||||||| | ||| |||| ||  a979-3237-90-2 0010-07220043970 a428 aHer g C.50 aHERIYANTO,dwi00aGoing through an english shottcut, jalan pintas belajar bahasa inggris aSemarangc2010